Here you will find the least and most remembered National Hockey League Teams, as well as how your score stacks up against everyone else who took this quiz.

Think you can do better this time?
Play Again.
 
This NHL Teams Quiz has been taken 655,657 times (63 today).
Division Team Name % Guessed Right
AtlanticNew York Rangers
92.4%
AtlanticPittsburgh Penguins
91.3%
CentralDetroit Red Wings
90.5%
NortheastBoston Bruins
89.8%
AtlanticNew York Islanders
87.8%
NortheastToronto Maple Leafs
87.4%
AtlanticPhiladelphia Flyers
86.6%
NorthwestVancouver Canucks
84.7%
PacificLos Angeles Kings
84.3%
CentralChicago Blackhawks
84.2%
NortheastMontreal Canadiens
84.1%
AtlanticNew Jersey Devils
83.1%
SoutheastWashington Capitals
83%
PacificDallas Stars
80.9%
SoutheastFlorida Panthers
80.3%
Division Team Name % Guessed Right
PacificSan Jose Sharks
79.7%
SoutheastTampa Bay Lightning
79%
NorthwestMinnesota Wild
78.1%
PacificAnaheim Ducks
77.5%
SoutheastCarolina Hurricanes
77.5%
NortheastOttawa Senators
76.9%
NorthwestEdmonton Oilers
76.9%
SoutheastWinnipeg Jets
76.7%
NorthwestColorado Avalanche
76.4%
NorthwestCalgary Flames
76.2%
CentralSt. Louis Blues
74.5%
PacificPhoenix Coyotes
74.5%
CentralColumbus Blue Jackets
72.6%
NortheastBuffalo Sabres
72%
CentralNashville Predators
67.9%

How do you compare to other NHL Teams quiz takers?

Number % Answered
30 (all)
26.3%
26-29
31.5%
22-25
17.1%
18-21
9.6%
14-17
6%
10-13
4.1%
6-9
3.1%
2-5
2%
1-1
0.3%

You might also like these games:
NFL Teams   NHL Original Six   NFL Franchises, East to West
There are 121 comments for this game.
(Warning: comments may contain spoilers)

NHL Teams Quiz

  1. by Derek
  • Created May 15, 2008 in Sports
  • Featured May 15, 2008
  • Game Plays 655,657

Remember, Sporcle is now...

Friend Scores and Standings

Loading friend results....